Vývoj softvérového produktu na riešenie vybraných problémov finančnej analýzy diplomová práca

Uložené v:
Podrobná bibliografia
Hlavný autor: Bednárová, Beáta
Korporativný autor: Fakulta hospodárskej informatiky EU. Katedra účtovníctva a audítorstva
Ďalší autori: Szászová, Renáta
Médium: Kniha
Jazyk:Slovak
Vydavateľské údaje: Bratislava 2012
Tagy: Pridať tag
Žiadne tagy, Buďte prvý, kto otaguje tento záznam!

MARC

LEADER 00000nbm a2200000 4500
001 0154699
005 20161109102138.6
041 0 |a slo 
044 |a SK 
245 1 0 |a Vývoj softvérového produktu na riešenie vybraných problémov finančnej analýzy  |b diplomová práca  |c Beáta Bednárová ; školiteľ: Renáta Szászová 
264 1 |a Bratislava  |c 2012 
300 |a 74 s. 
100 1 |a Bednárová, Beáta 
700 1 |a Szászová, Renáta 
710 2 |a Fakulta hospodárskej informatiky EU. Katedra účtovníctva a audítorstva